Priemysel

Bibliographic Details
Corporate Author: Slovensko. Štatistický úrad (Author)
Format: Article
Language:Slovak
PhysicalDescription:Grafy
Subjects:

MARC

LEADER 00000nab a2200000 a 4500
001 vtls000721463
003 SK-MaSNL
005 20260302200433.0
008 180206c2000 xo 0 slo
015 |a SNBRB2000/05-12498 
035 |a CLN000073630 
040 |a SNKBUCL  |b slo  |c SNKBUCL  |e AACR2 
041 0 |a slo 
044 |a xo  |c SK 
080 |a 31:338.45(437.6)  |2 UDC-MRF-SK2 
080 |a 338.45(437.6):31  |2 UDC-MRF-SK2 
110 1 |a Slovensko.  |b Štatistický úrad  |4 aut 
245 0 0 |a Priemysel  |c Štatistický úrad Slovenskej republiky 
300 |b Grafy 
650 0 7 |a priemysel  |z Slovensko  |y január 2000  |x štatistika  |2 snkbucl  |9 919339 
655 7 |a články z novín a časopisov  |2 snkbucl  |9 267496 
773 0 |t Bulletin  |g Č. 1 (2000), s. 6-7 
850 |a Slovenská národná knižnica v Martine 
852 |a SNK  |b KIS3GCP 
958 |a RBX 
999 |c 1456813  |d 1458743